Flagi reprezentacji w Euro 2024 - Statystyki

Ogólne statystyki
  • Ten quiz został rozwiązany 62 razy
  • Średni wynik to 24 z 24
Statystyki odpowiedzi
Obrazkowy Odpowiedź % Poprawnych
Albania
100%
Austria
100%
Belgia
100%
Chorwacja
100%
Czechy
100%
Dania
100%
Francja
100%
Hiszpania
100%
Holandia
100%
Niemcy
100%
Polska
100%
Portugalia
100%
Rumunia
100%
Serbia
100%
Szkocja
100%
Szwajcaria
100%
Turcja
100%
Ukraina
100%
Węgry
100%
Włochy
100%
Anglia
98%
Słowacja
98%
Słowenia
98%
Gruzja
97%
Nie znaleziono quizów pasujących do podanych kryteriów
Rozkład punktacji
Procent ludzi z każdym wynikiem
Percentyl według liczby udzielonych odpowiedzi
Twoja historia wyników
Nie rozwiązałeś tego quizu